00388nam a2200145Ia 4500020001600000082002200016100002000038245004200058260003500100300001000135650002900145650002400174650002700198700001700225 a0 7131 5958 aRR 910.0203 MON-; aMonkhouse, F.J. 0aDictionary of the natural environment aLondonbArnold-Heinemannc1978 a320p. aGeography - Dictionaries aNatural environment aEcology - Dictionaries aSmall, John